Statistics for Complete the Movie Title (2019)

Click here to take the quiz!

General Stats

  • This quiz has been taken 136 times
  • The average score is 18 of 25

Answer Stats

HintAnswer% Correct
___ Story 4Toy
98%
Bohemian ________Rhapsody
97%
How to Train Your ______: The Hidden WorldDragon
96%
The Angry _____ Movie 2Birds
94%
A ____ Is BornStar
94%
Charlie’s ______Angels
91%
Ralph Breaks the ________Internet
91%
The ____ KingLion
91%
The Secret Life of ____ 2Pets
91%
Dora and the Lost ____ of GoldCity
90%
Godzilla: King of the ________Monsters
83%
A ___’s JourneyDog
81%
Pokémon: _________ PikachuDetective
79%
The ___ Who Would Be KingKid
78%
Fighting with My ______Family
74%
The Lego Movie 2: The Second ____Part
74%
Rambo: Last _____Blood
73%
The _____ of La LloronaCurse
62%
A Madea Family _______Funeral
59%
Terminator: Dark ____Fate
52%
Dark _______Phoenix
49%
The Good ____Liar
46%
The ________Intruder
36%
The Peanut Butter ______Falcon
32%
Wonder ____Park
31%

Score Distribution

Percentile by Number Answered

Percent of People with Each Score

Your Score History

You have not taken this quiz